000 00750nam a2200205 a 4500
001 000044742
005 20241017090756.0
008 150108s2014 dr 000 0 spa d
040 _aDO-SdBNP
_bspa
_cBNPHU
082 _axxxx
_bxxxx
100 1 _aReyes Luna, Máximo
_972743
245 1 4 _aLos efectos Kármicos del accionar político, económico y social /
_cMáximo Reyes Luna ; prólogo Justiniano Estévez Aristy.
260 _aSanto Domingo :
_bJunta Cultural Dominicana,
_c2014.
300 _a204 p. ;
_c25 cm.
490 1 _aLa zafra
504 _aBibliografía : p. [205]
590 _aLa biblioteca posee 3 ejemplares autográfiados por el autor
700 1 _aEstévez Aristy, Justiniano,
_d1962-
_epról.
_93212
830 0 _aLa zafra
_972744
999 _c44231
_d44231